000 00530 a2200217 4500
001 sjds
003 sjds
005 20240305113921.0
008 240305b |||||||| |||| 00| 0 spa d
020 _a9788131944400
040 _csjds
041 _aspa
110 _aDreams Art
245 _aRobin Hood /
_cDreams Art
260 _b Editorial Sicoben,
_c2020
300 _a32 pgs
_billus.
440 _aColeccion Aprendiendo a leer Niv 3
500 _aCataloging from websites
521 _aNIVEL 3- (7-8 ANOS)
942 _cBK
999 _c29322
_d29320